[Event "4th EUR-ch"]
[Site "Istanbul TUR"]
[Date "2003.06.11"]
[Round "11.100"]
[White "Olcayoz, Alper"]
[Black "Duman, Aydin"]
[Result "0-1"]
[WhiteElo "2310"]
[BlackElo "2185"]
[EventDate "2003.05.30"]
[PlyCount "100"]

1.d4 Nf6 2.Nf3 g6 3.Bg5 Bg7 4.Nbd2 O-O 5.c3 d6 6.e4 c5 7.dxc5 dxc5 8.Bc4 
Nc6 9.Qe2 Qc7 10.O-O h6 11.Bxf6 exf6 12.Nh4 Kh7 13.f4 Re8 14.Qf2 Bf8 15.
Rae1 b6 16.e5 f5 17.g4 Be7 18.gxf5 gxf5 19.Ng2 Be6 20.Qe2 Rg8 21.Kh1 Rad8 
22.Rd1 Qb7 23.Nf3 Rxd1 24.Rxd1 Bxc4 25.Qxc4 Nxe5 26.fxe5 Qxf3 27.Qxf7+ Rg7
28.Qd5 Qf2 29.c4 h5 30.Rg1 h4 31.Qd3 Kh8 32.Qf1 Qc2 33.Qf3 Qxc4 34.Qxf5 
Qd5 35.h3 Rg5 36.Qf2 Rg3 37.Qf5 c4 38.Kh2 Bc5 39.Qh5+ Kg7 40.Qxh4 Rg6 41.
Qf6+ Rxf6 42.Ne3+ Kf8 43.Nxd5 Bxg1+ 44.Kxg1 Rf5 45.Nf6 Ke7 46.Ng4 b5 47.
Kg2 Ke6 48.Kg3 Rf8 49.Nf6 b4 50.Kf3 Kxe5 0-1

[Event "4th EUR-ch"]
[Site "Istanbul TUR"]
[Date "2003.06.11"]
[Round "11.101"]
[White "Valansi, Avram Alber"]
[Black "Can, Emre"]
[Result "1/2-1/2"]
[WhiteElo "2154"]
[BlackElo "2200"]
[EventDate "2003.05.30"]
[PlyCount "84"]

1.e4 c5 2.Nf3 d6 3.d4 cxd4 4.Nxd4 Nf6 5.Nc3 g6 6.Be3 Bg7 7.Be2 Nc6 8.Nb3 
O-O 9.f4 Be6 10.g4 Rc8 11.g5 Nd7 12.h4 Nb6 13.Nd4 Nxd4 14.Bxd4 d5 15.Bxg7 
Kxg7 16.Qd4+ Kg8 17.e5 Nc4 18.O-O-O Qb6 19.Qxb6 Nxb6 20.h5 Bf5 21.Rd2 Rfd8
22.Nb5 Nc4 23.Bxc4 Rxc4 24.Nd4 Be4 25.Rh4 Rdc8 26.c3 gxh5 27.Kd1 e6 28.Ke2
Bg6 29.Nb5 Re4+ 30.Kf3 Re1 31.Nd6 Rb8 32.Kf2 Ra1 33.a3 b5 34.f5 Bxf5 35.
Nxf5 exf5 36.Rxd5 a5 37.Rf4 Rb1 38.Rd2 Kg7 39.Rxf5 Rb7 40.Rf4 Rh1 41.Kg3 
h4+ 42.Kg4 h3 1/2-1/2

[Event "4th EUR-ch"]
[Site "Istanbul TUR"]
[Date "2003.06.11"]
[Round "11.102"]
[White "Azimi, Reza"]
[Black "Demir, Gokhan"]
[Result "1/2-1/2"]
[WhiteElo "2046"]
[BlackElo "2245"]
[EventDate "2003.05.30"]
[PlyCount "150"]

1.e4 c5 2.Nf3 Nc6 3.d4 cxd4 4.Nxd4 d5 5.Bb5 dxe4 6.O-O Bd7 7.Nxc6 Bxc6 8.
Bxc6+ bxc6 9.Qe2 Nf6 10.Rd1 Qb6 11.Nc3 e6 12.Bg5 Be7 13.Bxf6 gxf6 14.Qxe4 
f5 15.Qf3 Rg8 16.Na4 Qc7 17.h3 Rb8 18.b3 Bf6 19.c3 Ke7 20.Nc5 Rbd8 21.Na6 
Qb6 22.Nb4 Rc8 23.Re1 Rg5 24.Qe3 Qxe3 25.Rxe3 a5 26.Nc2 Rd8 27.Ne1 f4 28.
Rd3 Rxd3 29.Nxd3 f3 30.g3 Bxc3 31.Rc1 Bd4 32.Kf1 Kd6 33.Ne1 Rf5 34.Rd1 c5 
35.Rd3 Rh5 36.Nxf3 e5 37.Nd2 Rxh3 38.Kg2 Rh6 39.Nc4+ Kd5 40.Rf3 Ke6 41.
Nxa5 e4 42.Rf4 f5 43.Nc4 Be5 44.Rh4 Rxh4 45.gxh4 Bc7 46.Kf1 f4 47.a4 Kd5 
48.Ke2 Kd4 49.Kd2 h5 50.a5 Kd5 51.Ke2 Bd8 52.a6 Kc6 53.a7 Kb7 54.Nd6+ Kxa7
55.Nxe4 Kb6 56.Kf3 Bxh4 57.Kxf4 Kb5 58.Ke3 Kb4 59.f4 Be7 60.Nd2 h4 61.Kd3 
h3 62.Nf3 Bf6 63.Kc2 Ka3 64.Nh2 Bd4 65.Nf3 Bg1 66.Kc3 h2 67.Nxh2 Bxh2 68.
Kc4 Bg1 69.f5 Bd4 70.b4 cxb4 71.Kxd4 b3 72.f6 b2 73.f7 b1=Q 74.f8=Q+ Qb4+ 
75.Qxb4+ Kxb4 1/2-1/2

[Event "4th EUR-ch"]
[Site "Istanbul TUR"]
[Date "2003.06.11"]
[Round "11.103"]
[White "Erdogan, Hakan"]
[Black "Kayar, Erdem"]
[Result "1/2-1/2"]
[WhiteElo "2239"]
[BlackElo "2077"]
[EventDate "2003.05.30"]
[PlyCount "93"]

1.d4 Nf6 2.c4 c5 3.d5 e6 4.Nc3 exd5 5.cxd5 d6 6.Nf3 g6 7.e4 a6 8.a4 Bg4 9.
h3 Bxf3 10.Qxf3 Bg7 11.Bd3 Nbd7 12.Qd1 O-O 13.O-O Ne8 14.f4 Nc7 15.Kh1 Rb8
16.Be3 b5 17.Qc2 Re8 18.Qf2 c4 19.Bc2 b4 20.Nd1 Nf6 21.Qf3 Qe7 22.f5 Rf8 
23.Bd4 Nce8 24.Ne3 Rc8 25.Rac1 Nd7 26.Bxg7 Kxg7 27.Ng4 Nef6 28.Ne3 Ne5 29.
Qd1 c3 30.b3 a5 31.Qe1 g5 32.Rd1 h5 33.Qg3 g4 34.Qh4 Rh8 35.Rf4 Rcg8 36.
Rd4 Qa7 37.Qg5+ Kh7 38.Qxf6 Qxd4 39.Nf1 gxh3 40.g3 Rg4 41.Rxg4 hxg4 42.
Qh4+ Kg8 43.Qg5+ Kf8 44.Qd8+ Kg7 45.Qg5+ Kf8 46.Qd8+ Kg7 47.Qg5+ 1/2-1/2

[Event "4th EUR-ch"]
[Site "Istanbul TUR"]
[Date "2003.06.12"]
[Round "12.10"]
[White "Alexandrov, Alexei"]
[Black "Kacheishvili, Giorgi"]
[Result "1/2-1/2"]
[WhiteElo "2650"]
[BlackElo "2592"]
[EventDate "2003.05.30"]
[PlyCount "44"]

1.d4 d5 2.c4 e6 3.Nc3 Be7 4.cxd5 exd5 5.Bf4 c6 6.e3 Bf5 7.Nge2 Nd7 8.Ng3 
Bg6 9.Be2 Ngf6 10.h4 h5 11.a3 Nb6 12.Rc1 Kf8 13.Bg5 Ne8 14.Bxe7+ Qxe7 15.
Na4 Nd6 16.Nc5 Nbc4 17.Qb3 Re8 18.a4 Rh6 19.Qc3 b6 20.Nd3 Bxd3 21.Bxd3 Rf6
22.Bxc4 Nxc4 1/2-1/2

[Event "4th EUR-ch"]
[Site "Istanbul TUR"]
[Date "2003.06.12"]
[Round "12.13"]
[White "Moiseenko, Olexandr"]
[Black "Sargissian, Gabriel"]
[Result "1-0"]
[WhiteElo "2627"]
[BlackElo "2572"]
[EventDate "2003.05.30"]
[PlyCount "135"]

1.d4 d5 2.c4 e6 3.Nf3 Nf6 4.Nc3 Be7 5.Bg5 h6 6.Bh4 O-O 7.e3 b6 8.Bd3 Bb7 
9.O-O Nbd7 10.Bg3 c5 11.Qe2 Ne4 12.cxd5 exd5 13.Rad1 Nxg3 14.hxg3 Nf6 15.
dxc5 bxc5 16.e4 d4 17.e5 Ne8 18.Ne4 Bd5 19.Nfd2 Qb8 20.f4 Qxb2 21.Rb1 Qa3 
22.f5 Bg5 23.Nxg5 hxg5 24.Ne4 c4 25.Nxg5 f6 26.Bxc4 Qc5 27.Bd3 fxe5 28.Rb5
Qe7 29.Rxd5 Qxg5 30.Qxe5 Nf6 31.Rxd4 Ng4 32.Qf4 Qxf4 33.Rfxf4 Ne5 34.Be4 
Rad8 35.Bd5+ Nf7 36.Be6 Rfe8 37.Rxd8 Rxd8 38.Ra4 Kf8 39.Rxa7 Rd1+ 40.Kf2 
Ng5 41.Bb3 Rd3 42.g4 Rc3 43.Bd5 Rd3 44.Bf3 Nf7 45.Kg3 Rd4 46.a4 Ne5 47.a5 
Ra4 48.a6 g5 49.f6 Ra3 50.Re7 Nxf3 51.gxf3 Rxa6 52.Re5 Kf7 53.Rxg5 Kxf6 
54.Rb5 Ra3 55.g5+ Kg6 56.Kg4 Ra1 57.Rb6+ Kg7 58.f4 Ra4 59.Re6 Kf7 60.Rf6+ 
Kg7 61.Kh5 Rb4 62.Rf5 Ra4 63.g6 Ra1 64.Rf7+ Kg8 65.Rb7 Rg1 66.f5 Rg2 67.
Kh6 Kf8 68.g7+ 1-0

[Event "4th EUR-ch"]
[Site "Istanbul TUR"]
[Date "2003.06.12"]
[Round "12.16"]
[White "Dolmatov, Sergei"]
[Black "Iordachescu, Viorel"]
[Result "1/2-1/2"]
[WhiteElo "2606"]
[BlackElo "2550"]
[EventDate "2003.05.30"]
[PlyCount "21"]

1.e4 e5 2.Nf3 Nf6 3.d4 Nxe4 4.Bd3 d5 5.Nxe5 Nd7 6.Nxd7 Bxd7 7.O-O Bd6 8.c4
c6 9.cxd5 cxd5 10.Nc3 Nxc3 11.bxc3 1/2-1/2

[Event "4th EUR-ch"]
[Site "Istanbul TUR"]
[Date "2003.06.12"]
[Round "12.17"]
[White "Huzman, Alexander"]
[Black "Sokolov, Ivan"]
[Result "0-1"]
[WhiteElo "2589"]
[BlackElo "2677"]
[EventDate "2003.05.30"]
[PlyCount "142"]

1.d4 d5 2.c4 c6 3.Nc3 Nf6 4.Nf3 a6 5.c5 Bg4 6.Qb3 Qc8 7.Ne5 Be6 8.Na4 Nfd7
9.Bf4 g6 10.e3 Bg7 11.Be2 O-O 12.h4 f6 13.Nd3 a5 14.g4 Na6 15.Bg3 Bf7 16.
g5 Re8 17.O-O-O Ra7 18.Bg4 Ndxc5 19.Ndxc5 Qxg4 20.Qb6 Raa8 21.gxf6 exf6 
22.Qxb7 Nxc5 23.Nxc5 Bf8 24.Nd7 Be7 25.Nb6 Rad8 26.Bc7 Qe2 27.Bxd8 Bxd8 
28.Nc8 Rf8 29.Nd6 Qxf2 30.Qxc6 Be6 31.Rhf1 Qxh4 32.Kb1 Qh6 33.Ka1 Qg7 34.
Nb7 Qe7 35.Nc5 Bf7 36.Nd7 Be8 37.Qxd5+ Qf7 38.Qxf7+ Rxf7 39.Nc5 Re7 40.
Rxf6 Rxe3 41.Re6 Rxe6 42.Nxe6 Be7 43.d5 Bd6 44.Nd8 Ba4 45.Rd4 Bd7 46.Nb7 
Be5 47.Re4 Bf6 48.Nc5 Bf5 49.Re2 Bg4 50.Re1 h5 51.Ne4 Bh4 52.Rf1 Kg7 53.d6
Bf5 54.Nc5 Bf6 55.d7 h4 56.Rd1 h3 57.d8=Q Bxd8 58.Rxd8 g5 59.Nb3 h2 60.Rd1
g4 61.Nd4 Be4 62.Ne2 h1=Q 63.Rxh1 Bxh1 64.Ng3 Bf3 65.b3 Kf6 66.Kb2 Ke5 67.
Kc3 Kf4 68.Nh5+ Ke3 69.b4 axb4+ 70.Kxb4 Be4 71.Ng3 Bg6 0-1

[Event "4th EUR-ch"]
[Site "Istanbul TUR"]
[Date "2003.06.12"]
[Round "12.22"]
[White "Hracek, Zbynek"]
[Black "Tkachiev, Vladislav"]
[Result "1/2-1/2"]
[WhiteElo "2584"]
[BlackElo "2643"]
[EventDate "2003.05.30"]
[PlyCount "43"]

1.e4 e5 2.Nf3 Nc6 3.Bb5 a6 4.Bxc6 dxc6 5.O-O f6 6.d4 exd4 7.Nxd4 c5 8.Ne2 
Qxd1 9.Rxd1 Bd7 10.Nbc3 O-O-O 11.Be3 Re8 12.Rd2 Bc6 13.Rad1 b6 14.Nf4 Nh6 
15.f3 Nf7 16.Nfd5 Ne5 17.b3 h5 18.h3 h4 19.Kf2 Kb7 20.Ne2 Bd6 21.c4 Rhf8 
22.Nec3 1/2-1/2

[Event "4th EUR-ch"]
[Site "Istanbul TUR"]
[Date "2003.06.12"]
[Round "12.25"]
[White "Neverov, Valeriy"]
[Black "Volkov, Sergei"]
[Result "1-0"]
[WhiteElo "2583"]
[BlackElo "2634"]
[EventDate "2003.05.30"]
[PlyCount "28"]

1.c4 Nf6 2.Nc3 e5 3.Nf3 Nc6 4.d3 Bb4 5.Bd2 O-O 6.e3 Re8 7.Be2 d5 8.cxd5 
Nxd5 9.O-O Bf8 10.a3 a5 11.Rc1 h6 12.h3 Be6 13.Na4 Bd6 14.Nc5 Bc8 1-0

[Event "4th EUR-ch"]
[Site "Istanbul TUR"]
[Date "2003.06.12"]
[Round "12.26"]
[White "Mchedlishvili, Mikheil"]
[Black "Lastin, Alexander"]
[Result "1/2-1/2"]
[WhiteElo "2560"]
[BlackElo "2632"]
[EventDate "2003.05.30"]
[PlyCount "73"]

1.d4 d5 2.c4 c6 3.Nf3 Nf6 4.e3 a6 5.Bd3 Bg4 6.Nbd2 Nbd7 7.Qc2 e6 8.b3 Bh5 
9.Bb2 Bg6 10.O-O Bd6 11.e4 dxe4 12.Nxe4 Bxe4 13.Bxe4 O-O 14.Bd3 Re8 15.
Rfe1 Bf8 16.Rad1 g6 17.Bf1 Bg7 18.g3 Qb6 19.Bg2 Rad8 20.Bc1 Qa7 21.h3 Qb8 
22.Bf4 Qc8 23.Bg5 Qc7 24.a3 Qd6 25.b4 Qf8 26.Qc1 h6 27.Bf4 Nh5 28.Bd2 f5 
29.Ne5 Kh7 30.Qc2 Nhf6 31.a4 Nxe5 32.dxe5 Nd7 33.f4 g5 34.Kh2 gxf4 35.gxf4
Qe7 36.Qb3 Rg8 37.Rf1 1/2-1/2

[Event "4th EUR-ch"]
[Site "Istanbul TUR"]
[Date "2003.06.12"]
[Round "12.27"]
[White "Tregubov, Pavel"]
[Black "Atalik, Suat"]
[Result "1/2-1/2"]
[WhiteElo "2632"]
[BlackElo "2568"]
[EventDate "2003.05.30"]
[PlyCount "119"]

1.d4 Nf6 2.c4 e6 3.Nf3 d5 4.e3 Be7 5.b3 O-O 6.Bb2 b6 7.Bd3 Bb7 8.O-O c5 9.
Nbd2 cxd4 10.exd4 Nc6 11.Rc1 Rc8 12.a3 Re8 13.Re1 g6 14.c5 a5 15.Bb5 Nd7 
16.b4 axb4 17.Bxc6 Bxc6 18.axb4 Bf6 19.Ba1 bxc5 20.dxc5 e5 21.Nb3 d4 22.
Na5 Qc7 23.Nd2 Bg5 24.Nxc6 Qxc6 25.Rb1 Bxd2 26.Qxd2 Qd5 27.f4 f6 28.Qd3 
Rb8 29.Rec1 Rec8 30.h3 Rc6 31.fxe5 fxe5 32.Qf3 Qxf3 33.gxf3 g5 34.Kf2 Kf7 
35.Rg1 h6 36.Rge1 Rb5 37.Kg3 Kg6 38.h4 gxh4+ 39.Kxh4 Kf5 40.Kg3 Nf6 41.Rh1
h5 42.Kf2 Rc8 43.Ke2 Rcb8 44.c6 Rxb4 45.Rxb4 Rxb4 46.Kd3 Rb8 47.Kc4 Rg8 
48.Bb2 Ne8 49.Ba3 Kf4 50.Rh3 Ke3 51.Kd5 d3 52.f4+ Kxf4 53.Bc1+ Kg4 54.Rxd3
h4 55.Kxe5 h3 56.Rd4+ Kf3 57.Rd3+ Kg4 58.Rd4+ Kf3 59.Rd3+ Kg4 60.Rd4+ 
1/2-1/2

[Event "4th EUR-ch"]
[Site "Istanbul TUR"]
[Date "2003.06.12"]
[Round "12.28"]
[White "Alekseev, Evgeny"]
[Black "Stefansson, Hannes Hlifar"]
[Result "1-0"]
[WhiteElo "2607"]
[BlackElo "2565"]
[EventDate "2003.05.30"]
[PlyCount "65"]

1.e4 c5 2.Nf3 Nc6 3.d4 cxd4 4.Nxd4 Nf6 5.Nc3 d6 6.Bg5 e6 7.Qd2 Be7 8.O-O-O
a6 9.f4 Nxd4 10.Qxd4 b5 11.Bxf6 gxf6 12.Bd3 Qc7 13.Qe3 Qc5 14.Qg3 b4 15.
Ne2 Kf8 16.Kb1 a5 17.Rc1 a4 18.Rhe1 f5 19.exf5 exf5 20.Qf3 Rb8 21.Ng3 Be6 
22.Qe3 Qd5 23.b3 Qa5 24.Bc4 axb3 25.Bxb3 Bf6 26.Bxe6 Re8 27.Qb3 fxe6 28.
Rxe6 Bc3 29.Rd1 Qc5 30.Rxe8+ Kxe8 31.Qe6+ Kd8 32.Nxf5 Kc7 33.Nxd6 1-0

[Event "4th EUR-ch"]
[Site "Istanbul TUR"]
[Date "2003.06.12"]
[Round "12.32"]
[White "Dvoirys, Semen"]
[Black "Agrest, Evgenij"]
[Result "0-1"]
[WhiteElo "2552"]
[BlackElo "2591"]
[EventDate "2003.05.30"]
[PlyCount "53"]

1.e4 c5 2.Nf3 d6 3.d4 Nf6 4.Nc3 cxd4 5.Nxd4 a6 6.Be2 e5 7.Nf3 h6 8.O-O Be7
9.Re1 O-O 10.Bf1 Be6 11.g3 Qc8 12.Bg2 Bg4 13.Qd3 Nbd7 14.a4 Re8 15.a5 Bf8 
16.Nd2 Be6 17.Nd5 Nxd5 18.exd5 Bg4 19.Bf1 Nc5 20.Qc3 Bf5 21.b4 Nd7 22.Bb2 
Qd8 23.Rac1 Rc8 24.Qf3 Qg5 25.Ne4 Bxe4 26.Qxe4 f5 27.Qe3 0-1

[Event "4th EUR-ch"]
[Site "Istanbul TUR"]
[Date "2003.06.12"]
[Round "12.34"]
[White "Delchev, Alexander"]
[Black "Macieja, Bartlomiej"]
[Result "1/2-1/2"]
[WhiteElo "2577"]
[BlackElo "2634"]
[EventDate "2003.05.30"]
[PlyCount "101"]

1.e4 c5 2.Nf3 Nc6 3.Bb5 e6 4.O-O Nge7 5.b3 Nd4 6.Nxd4 cxd4 7.Bb2 a6 8.Bd3 
Nc6 9.c3 Bc5 10.Qh5 d6 11.cxd4 Nxd4 12.e5 Nf5 13.Bxf5 exf5 14.d4 Ba7 15.
Rd1 dxe5 16.dxe5 Qb6 17.Qf3 O-O 18.Nc3 Be6 19.Nd5 Qc5 20.Rac1 Qa5 21.a3 
Rad8 22.Ne7+ Kh8 23.Nxf5 Bxf5 24.Qxf5 Rd2 25.Rxd2 Qxd2 26.Qc2 Bxf2+ 27.Kf1
Qxc2 28.Rxc2 Bb6 29.Rc4 a5 30.Bd4 Bxd4 31.Rxd4 f6 32.e6 Kg8 33.Ke2 Re8 34.
Rd6 Kf8 35.Kd3 Rc8 36.Rd7 Rc6 37.e7+ Ke8 38.Rxb7 Rc5 39.a4 Rh5 40.Ra7 Rxh2
41.Rxa5 Rxg2 42.b4 Kxe7 43.b5 h5 44.b6 Rb2 45.Ra7+ Kd6 46.a5 h4 47.Kc3 Rb1
48.Rxg7 h3 49.Rh7 Kc6 50.Rxh3 Rb5 51.Rh6 1/2-1/2

[Event "4th EUR-ch"]
[Site "Istanbul TUR"]
[Date "2003.06.12"]
[Round "12.35"]
[White "Pelletier, Yannick"]
[Black "Inarkiev, Ernesto"]
[Result "0-1"]
[WhiteElo "2623"]
[BlackElo "2568"]
[EventDate "2003.05.30"]
[PlyCount "76"]

1.d4 Nf6 2.c4 g6 3.Nc3 Bg7 4.e4 d6 5.Nf3 O-O 6.Be2 e5 7.O-O Nc6 8.d5 Ne7 
9.b4 Nh5 10.Re1 f5 11.Ng5 Nf6 12.Bf3 c6 13.Qb3 h6 14.Ne6 Bxe6 15.dxe6 Qc8 
16.c5 fxe4 17.cxd6 exf3 18.dxe7 Re8 19.Bb2 Rxe7 20.Rxe5 Qc7 21.Ree1 fxg2 
22.h3 Rf8 23.Re3 Nh5 24.Rae1 Qf4 25.Nd1 Bxb2 26.Qxb2 Qf6 27.Qb3 Nf4 28.a4 
Qf5 29.b5 cxb5 30.axb5 Rf6 31.Qc3 g5 32.Qc8+ Kg7 33.Qd8 Rexe6 34.Qd7+ Rf7 
35.Qd4+ Qf6 36.Qxa7 Nxh3+ 37.Kxg2 Nxf2 38.Rf1 Nxd1 0-1

[Event "4th EUR-ch"]
[Site "Istanbul TUR"]
[Date "2003.06.12"]
[Round "12.36"]
[White "Volokytin, Andriy"]
[Black "Tiviakov, Sergei"]
[Result "0-1"]
[WhiteElo "2572"]
[BlackElo "2623"]
[EventDate "2003.05.30"]
[PlyCount "74"]

1.e4 c5 2.Nf3 Nc6 3.d4 cxd4 4.Nxd4 g6 5.c4 Nf6 6.Nc3 d6 7.Be2 Nxd4 8.Qxd4 
Bg7 9.Bg5 O-O 10.Qd2 Be6 11.Rd1 a6 12.O-O Qc7 13.b3 Rac8 14.a4 Rfe8 15.Kh1
Nd7 16.Bh6 Bf6 17.f4 Qa5 18.f5 Bxf5 19.exf5 Qxc3 20.Bf3 Qxd2 21.Bxd2 Rc7 
22.Bd5 gxf5 23.Bb4 Rec8 24.Rd3 Bg7 25.Rg3 Nf8 26.Rxf5 e6 27.Rxg7+ Kxg7 28.
Bc3+ f6 29.Rxf6 exd5 30.Rxd6+ Kf7 31.Rxd5 Rd7 32.Rf5+ Ke8 33.h4 Rd3 34.Bb4
Ne6 35.Rh5 Rc7 36.Rh6 Nd4 37.Bd6 Nf5 0-1

[Event "4th EUR-ch"]
[Site "Istanbul TUR"]
[Date "2003.06.12"]
[Round "12.37"]
[White "Jobava, Baadur"]
[Black "Ftacnik, Lubomir"]
[Result "1-0"]
[WhiteElo "2566"]
[BlackElo "2611"]
[EventDate "2003.05.30"]
[PlyCount "89"]

1.c4 Nf6 2.Nc3 c5 3.g3 e6 4.Bg2 d5 5.Nf3 d4 6.Na4 Nc6 7.d3 Bd7 8.O-O Be7 
9.e3 e5 10.exd4 exd4 11.Bg5 O-O 12.Bxf6 gxf6 13.Nh4 Qc7 14.Re1 Rfe8 15.Qh5
Ne5 16.Bd5 Rad8 17.Re4 b5 18.Rae1 Be6 19.Bxe6 fxe6 20.cxb5 Bf8 21.b3 Nxd3 
22.Rg4+ Bg7 23.Nf5 Re7 24.Rxe6 Rxe6 25.Rxg7+ Qxg7 26.Nxg7 Kxg7 27.Qg4+ Kf7
28.Qf5 Re1+ 29.Kg2 Ne5 30.f4 Nd7 31.Qxh7+ Ke6 32.h4 Re3 33.Kf2 Re8 34.Nb2 
f5 35.g4 fxg4 36.Nc4 Rf3+ 37.Kg2 Nf6 38.Qb7 Re7 39.Qc6+ Kf7 40.Ne5+ Rxe5 
41.fxe5 Nh5 42.Qd7+ Kf8 43.Qd8+ Kf7 44.e6+ Kxe6 45.Qe8+ 1-0

[Event "4th EUR-ch"]
[Site "Istanbul TUR"]
[Date "2003.06.12"]
[Round "12.38"]
[White "Baklan, Volodymyr"]
[Black "Vaisser, Anatoli"]
[Result "1/2-1/2"]
[WhiteElo "2607"]
[BlackElo "2563"]
[EventDate "2003.05.30"]
[PlyCount "32"]

1.e4 c5 2.Nf3 e6 3.Nc3 Nc6 4.Bb5 Nd4 5.O-O a6 6.Bd3 Nc6 7.Be2 g5 8.d3 g4 
9.Ne1 h5 10.f3 Bd6 11.f4 b6 12.e5 Be7 13.Ne4 Bb7 14.c3 f5 15.exf6 Nxf6 16.
Nc2 Nxe4 1/2-1/2

[Event "4th EUR-ch"]
[Site "Istanbul TUR"]
[Date "2003.06.12"]
[Round "12.41"]
[White "Kozul, Zdenko"]
[Black "Nataf, Igor-Alexandre"]
[Result "1-0"]
[WhiteElo "2601"]
[BlackElo "2559"]
[EventDate "2003.05.30"]
[PlyCount "55"]

1.d4 Nf6 2.Nf3 g6 3.c4 Bg7 4.Nc3 O-O 5.e4 d6 6.Be2 e5 7.O-O Nc6 8.d5 Ne7 
9.Ne1 Nd7 10.Nd3 f5 11.Bd2 Nf6 12.f3 f4 13.c5 g5 14.cxd6 cxd6 15.Nf2 h5 
16.h3 Ng6 17.Qc2 Rf7 18.Rfc1 g4 19.fxg4 hxg4 20.hxg4 Ne8 21.Ncd1 Bf6 22.
Qb3 Bh4 23.Rc3 a6 24.Rac1 Nf6 25.Qa3 Ne7 26.Rf3 Qf8 27.Rh3 Ne8 28.Nh1 1-0

[Event "4th EUR-ch"]
[Site "Istanbul TUR"]
[Date "2003.06.12"]
[Round "12.42"]
[White "Savchenko, Stanislav"]
[Black "Istratescu, Andrei"]
[Result "0-1"]
[WhiteElo "2559"]
[BlackElo "2593"]
[EventDate "2003.05.30"]
[PlyCount "74"]

1.Nf3 Nf6 2.c4 e6 3.Nc3 b6 4.g3 Bb7 5.Bg2 d5 6.Ne5 c6 7.d4 Nbd7 8.O-O Bd6 
9.Bf4 Qe7 10.cxd5 Nxd5 11.Ne4 Bc7 12.Bg5 f6 13.Nxd7 Qxd7 14.Bd2 O-O 15.Qb3
Rad8 16.Rfd1 Bb8 17.Nc3 Qf7 18.a4 Ne7 19.a5 Rxd4 20.axb6 axb6 21.Qxb6 Rd7 
22.Na4 Bd6 23.Qb3 Nf5 24.Bc3 Rdd8 25.e4 Nh6 26.Bh3 Kh8 27.Ba5 Qh5 28.Bxd8 
Qxh3 29.Rxd6 Ng4 30.Qf3 Qxh2+ 31.Kf1 Ne5 32.Qa3 Ba6+ 33.Ke1 Nc4 34.Qd3 
Qg1+ 35.Ke2 Qxa1 36.Be7 Qxa4 37.Rd8 Rg8 0-1

[Event "4th EUR-ch"]
[Site "Istanbul TUR"]
[Date "2003.06.12"]
[Round "12.43"]
[White "Conquest, Stuart"]
[Black "Chuchelov, Vladimir"]
[Result "1-0"]
[WhiteElo "2556"]
[BlackElo "2592"]
[EventDate "2003.05.30"]
[PlyCount "72"]

1.e4 c5 2.Nf3 e6 3.d4 cxd4 4.Nxd4 a6 5.Be2 Nf6 6.Nc3 Qc7 7.O-O Nc6 8.Be3 
Be7 9.f4 d6 10.Kh1 O-O 11.a4 Re8 12.Bf3 Rb8 13.Qd2 Na5 14.Qf2 Nc4 15.Bc1 
Nd7 16.b3 Na5 17.Bb2 Nc6 18.Rad1 Bf8 19.Nce2 Nd8 20.Ng3 g6 21.Qd2 b6 22.
Nde2 Bb7 23.e5 d5 24.c4 Nc5 25.cxd5 exd5 26.Bxd5 Bxd5 27.Qxd5 Nc6 28.Ne4 
Nxe4 29.Qxe4 Nb4 30.Nc3 f5 31.Qf3 Rbd8 32.h3 Qf7 33.Rxd8 Rxd8 34.Rd1 Re8 
35.Ne2 Qe6 36.Kh2 Qc6 1-0

[Event "4th EUR-ch"]
[Site "Istanbul TUR"]
[Date "2003.06.12"]
[Round "12.44"]
[White "Zelcic, Robert"]
[Black "Damljanovic, Branko"]
[Result "1-0"]
[WhiteElo "2540"]
[BlackElo "2587"]
[EventDate "2003.05.30"]
[PlyCount "69"]

1.e4 c5 2.Nf3 Nc6 3.d4 cxd4 4.Nxd4 Nf6 5.Nc3 d6 6.Bg5 e6 7.Qd3 a6 8.O-O-O 
Bd7 9.Be2 h6 10.Bh4 Rc8 11.Nxc6 Bxc6 12.Kb1 Be7 13.Qe3 Qa5 14.Bg3 d5 15.e5
Ne4 16.Nxe4 dxe4 17.c4 O-O 18.Bf4 g5 19.Qg3 Kh7 20.Bd2 Bb4 21.Be3 f5 22.
exf6 Rxf6 23.h4 g4 24.Bxg4 Rg8 25.Qh3 Re8 26.Bd4 e5 27.Bf5+ Kh8 28.Be3 Bc5
29.Bg5 Rff8 30.Bxh6 Bd4 31.Qg4 Rf7 32.Qh5 Qc7 33.Bg6 Ree7 34.Bxf7 Rxf7 35.
Rxd4 1-0

[Event "4th EUR-ch"]
[Site "Istanbul TUR"]
[Date "2003.06.12"]
[Round "12.45"]
[White "Kulaots, Kaido"]
[Black "Gagunashvili, Merab"]
[Result "1/2-1/2"]
[WhiteElo "2514"]
[BlackElo "2580"]
[EventDate "2003.05.30"]
[PlyCount "49"]

1.e4 c5 2.Nf3 Nc6 3.d4 cxd4 4.Nxd4 Nf6 5.Nc3 e5 6.Ndb5 d6 7.Bg5 a6 8.Na3 
b5 9.Bxf6 gxf6 10.Nd5 f5 11.Bd3 Be6 12.Qh5 Bg7 13.O-O f4 14.c4 bxc4 15.
Bxc4 O-O 16.Rac1 Rb8 17.b3 Qd7 18.Rfd1 Nd4 19.Nc2 Nxc2 20.Rxc2 Kh8 21.Bxa6
Bg4 22.Qh4 Bxd1 23.Nf6 Bxf6 24.Qxf6+ Kg8 25.Qg5+ 1/2-1/2

[Event "4th EUR-ch"]
[Site "Istanbul TUR"]
[Date "2003.06.12"]
[Round "12.46"]
[White "Gdanski, Jacek"]
[Black "Gashimov, Vugar"]
[Result "1/2-1/2"]
[WhiteElo "2506"]
[BlackElo "2579"]
[EventDate "2003.05.30"]
[PlyCount "133"]

1.e4 c5 2.Nc3 a6 3.g3 g6 4.Bg2 Bg7 5.f4 Nc6 6.Nf3 d6 7.d3 Nf6 8.O-O O-O 9.
h3 Nd7 10.Be3 Nd4 11.Qd2 Rb8 12.f5 b5 13.Bh6 Nxf3+ 14.Bxf3 Ne5 15.Rf2 f6 
16.Be3 b4 17.Ne2 e6 18.g4 exf5 19.exf5 gxf5 20.gxf5 Kh8 21.Nf4 Bh6 22.Ng6+
hxg6 23.Bxh6 Rg8 24.Bd5 Bb7 25.Bxg8 Qxg8 26.Bf4 gxf5+ 27.Kh2 Qh7 28.Bxe5 
fxe5 29.Qg5 Rg8 30.Qf6+ Qg7 31.Qh4+ Qh7 32.Qf6+ Qg7 33.Qxg7+ Rxg7 34.Rg1 
f4 35.Rff1 Bd5 36.b3 Bf7 37.a3 bxa3 38.Ra1 Be6 39.Rxa3 Bc8 40.Rxg7 Kxg7 
41.b4 cxb4 42.Ra4 b3 43.cxb3 Kf6 44.Kg2 Kg5 45.Kf2 Kh4 46.d4 Kxh3 47.dxe5 
dxe5 48.Re4 Kg4 49.Rxe5 Bd7 50.b4 Bb5 51.Rc5 Bd7 52.Rc7 Bb5 53.Rf7 Bc4 54.
Rf6 Bb5 55.Rf7 Bc4 56.Rg7+ Kf5 57.Rc7 Bd5 58.Re7 Kg4 59.Rg7+ Kf5 60.Rd7 
Ke4 61.Rd6 Bc4 62.Rd8 Bb5 63.Rc8 Kd4 64.Kf3 Bc4 65.Kxf4 Kc3 66.Rb8 Bb5 67.
Ke3 1/2-1/2

[Event "4th EUR-ch"]
[Site "Istanbul TUR"]
[Date "2003.06.12"]
[Round "12.47"]
[White "Zviagintsev, Vadim"]
[Black "Mastrovasilis, Athanasios"]
[Result "1-0"]
[WhiteElo "2664"]
[BlackElo "2487"]
[EventDate "2003.05.30"]
[PlyCount "65"]

1.d4 Nf6 2.c4 e6 3.Nc3 c5 4.d5 exd5 5.cxd5 d6 6.e4 g6 7.Nge2 Bg7 8.Ng3 O-O
9.Be2 Na6 10.O-O Nc7 11.a4 a6 12.f4 Rb8 13.Bf3 h5 14.f5 Nd7 15.Bxh5 gxh5 
16.Nxh5 Bd4+ 17.Kh1 f6 18.Ne2 Kf7 19.Nxd4 cxd4 20.Nf4 Ne5 21.Qxd4 a5 22.
Ra3 Ke7 23.Rh3 Rh8 24.Rxh8 Qxh8 25.Qxe5+ dxe5 26.Ng6+ Kf7 27.Nxh8+ Kg7 28.
Ng6 Ne8 29.Be3 Nd6 30.Rc1 Bxf5 31.exf5 Nxf5 32.Ba7 Ra8 33.g4 1-0

[Event "4th EUR-ch"]
[Site "Istanbul TUR"]
[Date "2003.06.12"]
[Round "12.52"]
[White "Fontaine, Robert"]
[Black "Nevednichy, Vladislav"]
[Result "0-1"]
[WhiteElo "2527"]
[BlackElo "2569"]
[EventDate "2003.05.30"]
[PlyCount "70"]

1.e4 e5 2.Nf3 d6 3.d4 exd4 4.Qxd4 a6 5.Bg5 Nc6 6.Qd2 Nf6 7.Nc3 Be7 8.O-O-O
O-O 9.Bd3 Re8 10.h3 h6 11.Bf4 Nd7 12.Nd5 Bf8 13.Rhe1 Nce5 14.Nxe5 dxe5 15.
Bg3 Nc5 16.Qa5 b6 17.Qc3 c6 18.Ne3 Qc7 19.Ng4 Bxg4 20.hxg4 b5 21.Bf1 Na4 
22.Qf3 Be7 23.c3 c5 24.Kc2 Nb6 25.Be2 c4 26.Rh1 Rad8 27.Rxd8 Bxd8 28.Rd1 
Bg5 29.Bf1 Qc5 30.Qe2 b4 31.cxb4 Qxb4 32.Qf3 c3 33.bxc3 Qa3 34.Rb1 Rd8 35.
Bd3 Na4 0-1

[Event "4th EUR-ch"]
[Site "Istanbul TUR"]
[Date "2003.06.12"]
[Round "12.53"]
[White "Marin, Mihail"]
[Black "Comas i Fabrego, Lluis"]
[Result "1/2-1/2"]
[WhiteElo "2568"]
[BlackElo "2490"]
[EventDate "2003.05.30"]
[PlyCount "66"]

1.c4 Nf6 2.Nc3 g6 3.g3 Bg7 4.Bg2 d6 5.Nf3 O-O 6.O-O e5 7.d4 Nbd7 8.e4 a6 
9.h3 b5 10.dxe5 dxe5 11.Qc2 c6 12.Be3 Qe7 13.a3 Ne8 14.Rfe1 Nc7 15.Na2 Bb7
16.c5 Ne6 17.b4 f5 18.exf5 gxf5 19.Qb3 Kh8 20.Rad1 Rae8 21.Rd6 e4 22.Qd1 
Bc8 23.Nd4 Ne5 24.Nc1 Nxd4 25.Bxd4 Rd8 26.Qh5 Nf3+ 27.Bxf3 Bxd4 28.Nb3 
Rxd6 29.cxd6 Qxd6 30.Nxd4 Qxd4 31.Bg2 Be6 32.Rd1 Qg7 33.Qh4 Bd5 1/2-1/2

[Event "4th EUR-ch"]
[Site "Istanbul TUR"]
[Date "2003.06.12"]
[Round "12.54"]
[White "Hulak, Krunoslav"]
[Black "Pogorelov, Ruslan"]
[Result "1/2-1/2"]
[WhiteElo "2563"]
[BlackElo "2489"]
[EventDate "2003.05.30"]
[PlyCount "105"]

1.c4 c5 2.Nf3 g6 3.d4 cxd4 4.Nxd4 Bg7 5.e4 Nc6 6.Be3 Nf6 7.Nc3 d6 8.f3 O-O
9.Qd2 Bd7 10.Rc1 Nxd4 11.Bxd4 Bc6 12.Be2 a5 13.b3 Nd7 14.Be3 Nc5 15.O-O 
Qb6 16.Nd5 Bxd5 17.cxd5 Qb4 18.Rfd1 f5 19.exf5 Rxf5 20.Rc4 Qxd2 21.Rxd2 b6
22.f4 h5 23.g3 Kh7 24.Kg2 b5 25.Rc1 Ne4 26.Rdc2 Nf6 27.Bf2 b4 28.Bf3 Nxd5 
29.Re1 Re8 30.Be4 Bc3 31.Rd1 Nf6 32.Bxf5 gxf5 33.Rd3 Kg6 34.Bd4 Ne4 35.Kf3
Ra8 36.Re2 Kf7 37.Rxe4 fxe4+ 38.Kxe4 Bxd4 39.Rxd4 Rc8 40.Rd5 Rc2 41.Rxa5 
Rxh2 42.Ra4 Kf6 43.Rxb4 Rxa2 44.Rb5 Re2+ 45.Kf3 Rh2 46.Rd5 h4 47.gxh4 Rh3+
48.Kg4 Rxb3 49.Rf5+ Kg7 50.Rg5+ Kf7 51.Rf5+ Kg8 52.Rg5+ Kf7 53.Rf5+ 
1/2-1/2